[Event "HUN-chT 1314"]
[Site "Hungary"]
[Date "2014.02.16"]
[Round "5"]
[White "Kabai, Zsuzsanna"]
[Black "Juhasz, Barbara"]
[Result "1-0"]
[WhiteElo "2042"]
[BlackElo "2169"]
[PlyCount "139"]
[EventDate "2013.09.08"]
[EventType "team-tourn"]
[EventRounds "9"]
[EventCountry "HUN"]
[SourceTitle "EXT 2015"]
[Source "ChessBase"]
[SourceDate "2014.11.20"]
[SourceVersion "1"]
[SourceVersionDate "2014.11.20"]
[SourceQuality "1"]
[WhiteTeam "Budapest Titanok"]
[BlackTeam "Mako"]
[WhiteTeamCountry "HUN"]
[BlackTeamCountry "HUN"]

1. d4 Nf6 2. c4 g6 3. Nc3 Bg7 4. e4 d6 5. Nf3 0-0 6. h3 e5 7. dxe5 dxe5 8. Qxd8 Rxd8 9. Bg5 Re8 10. Nd5 Nxd5 11. cxd5 c6 12. Bc4 b5 13. Bb3 c5 14. a4 c4 15. Bd1 b4 16. Be2 Ba6 17. Rc1 Rc8 18. Nd2 Nd7 19. 0-0 Nc5 20. Bxc4 Bxc4 21. Rxc4 Nxa4 22. Rxb4 Nb6 23. Be3 Bf8 24. Rb5 Rc2 25. Ra1 Nc8 26. b3 a6 27. Rba5 Bb4 28. Rxa6 Rxa6 29. Rxa6 Nd6 30. Rb6 Bxd2 31. Rxd6 Rc1+ 32. Kh2 Bxe3 33. fxe3 Rc3 34. b4 Rb3 35. Rd8+ Kg7 36. Rb8 Kf6 37. Rb7 Rxe3 38. b5 Rxe4 39. d6 Rd4 40. Rd7 Ke6 41. Re7+ Kxd6 42. Rxf7 Rb4 43. Rxh7 Rxb5 44. Rg7 Ke6 45. Rxg6+ Kf5 46. Rg8 e4 47. Rf8+ Ke5 48. Kg3 Rb3+ 49. Kg4 Kd4 50. Kf4 Rb2 51. Rd8+ Kc5 52. g4 Re2 53. g5 Re1 54. h4 e3 55. Kf3 Kc4 56. g6 e2 57. h5 Rd1 58. Kxe2 Rxd8 59. g7 Kd5 60. h6 Rg8 61. h7 Rxg7 62. h8Q Re7+ 63. Kd3 Re6 64. Qd4+ Kc6 65. Kc4 Rd6 66. Qg4 Kc7 67. Qg7+ Rd7 68. Qe5+ Kc6 69. Qe6+ Rd6 70. Qc8+ 1-0

[Event "HUN-chT2 Maroczy 1213"]
[Site "Hungary"]
[Date "2013.04.21"]
[Round "11"]
[White "Kabai, Zsuzsanna"]
[Black "Donka, Mate Salamon"]
[Result "1-0"]
[WhiteElo "2084"]
[BlackElo "1815"]
[PlyCount "69"]
[EventDate "2012.09.16"]
[EventType "team-tourn"]
[EventRounds "11"]
[EventCountry "HUN"]
[SourceTitle "EXT 2014"]
[Source "ChessBase"]
[SourceDate "2013.11.20"]
[SourceVersion "1"]
[SourceVersionDate "2013.11.20"]
[SourceQuality "1"]
[WhiteTeam "Sarkany"]
[BlackTeam "Hajduszoboszlo"]
[WhiteTeamCountry "HUN"]
[BlackTeamCountry "HUN"]

1. d4 Nf6 2. c4 e6 3. Nf3 b6 4. g3 Bb7 5. Bg2 Bb4+ 6. Bd2 Bxd2+ 7. Nbxd2 d6 8. Qc2 Nbd7 9. 0-0 0-0 10. e4 e5 11. d5 a5 12. b3 Ne8 13. Nh4 g6 14. Bh3 Ng7 15. Ng2 f5 16. f4 fxe4 17. Nxe4 Nf5 18. Rae1 Bc8 19. g4 Nh4 20. g5 Nf5 21. Qc3 Qe7 22. fxe5 Nxe5 23. Nf6+ Rxf6 24. gxf6 Qxf6 25. Kh1 Qg5 26. Nf4 Bd7 27. Ne6 Bxe6 28. dxe6 Rf8 29. Rxe5 dxe5 30. Qxe5 Qe3 31. Qxe3 Nxe3 32. Re1 Rf3 33. e7 Kf7 34. Bg2 Rf2 35. Rxe3 1-0

[Event "HUN-chT2 Maroczy 1213"]
[Site "Hungary"]
[Date "2012.12.02"]
[Round "5"]
[White "Kabai, Zsuzsanna"]
[Black "Gunyecz, Zoltan"]
[Result "1-0"]
[WhiteElo "2084"]
[BlackElo "1912"]
[PlyCount "91"]
[EventDate "2012.09.16"]
[EventType "team-tourn"]
[EventRounds "11"]
[EventCountry "HUN"]
[SourceTitle "EXT 2014"]
[Source "ChessBase"]
[SourceDate "2013.11.20"]
[SourceVersion "1"]
[SourceVersionDate "2013.11.20"]
[SourceQuality "1"]
[WhiteTeam "Sarkany"]
[BlackTeam "Kisvarda"]
[WhiteTeamCountry "HUN"]
[BlackTeamCountry "HUN"]

1. d4 Nf6 2. c4 g6 3. Nc3 d5 4. Nf3 Bg7 5. Bg5 dxc4 6. e4 c6 7. a4 h6 8. Be3 Ng4 9. Bf4 g5 10. Bg3 Be6 11. h3 Nf6 12. Ne5 Qa5 13. Bxc4 Bxc4 14. Nxc4 Qb4 15. Qd3 Nxe4 16. Be5 Nf6 17. a5 Nbd7 18. Ra4 Qb3 19. Ra3 Qb4 20. 0-0 Rd8 21. Bxf6 Nxf6 22. Na2 Qb5 23. Nc3 Qb4 24. Rfa1 e6 25. a6 b5 26. Ne5 Qd6 27. Ne2 Nd5 28. Qc2 Ne7 29. Nf3 0-0 30. Rc3 Rc8 31. Rc5 Rfd8 32. Rc1 Qb8 33. Qe4 Rd5 34. h4 gxh4 35. Nxh4 Rcd8 36. b4 Bxd4 37. Rxd5 Bxf2+ 38. Kxf2 Rxd5 39. Rc3 Qb6+ 40. Ke1 Qxa6 41. Rg3+ Kf8 42. Qf4 Nf5 43. Qb8+ Ke7 44. Nxf5+ Rxf5 45. Qc7+ Kf6 46. Qd8+ 1-0

[Event "Budapest-chT1 Lilienthal 1213"]
[Site "Budapest"]
[Date "2012.11.11"]
[Round "3"]
[White "Kelemen, Gabor"]
[Black "Kabai, Zsuzsanna"]
[Result "1/2-1/2"]
[WhiteElo "2163"]
[BlackElo "2084"]
[PlyCount "65"]
[EventDate "2012.09.30"]
[EventType "team-tourn"]
[EventRounds "11"]
[EventCountry "HUN"]
[SourceTitle "EXT 2019"]
[Source "ChessBase"]
[SourceDate "2018.10.10"]
[SourceVersion "1"]
[SourceVersionDate "2018.10.10"]
[SourceQuality "1"]
[WhiteTeam "Taban Spartacus II"]
[BlackTeam "Sarkany II"]
[WhiteTeamCountry "HUN"]
[BlackTeamCountry "HUN"]

1. e4 e6 2. d4 d5 3. Nd2 a6 4. Ngf3 Nf6 5. e5 Nfd7 6. c4 dxc4 7. Bxc4 Nb6 8. Be2 Bd7 9. 0-0 Bb5 10. Ne4 Nc6 11. Be3 Nd5 12. Nc3 Bxe2 13. Qxe2 Bb4 14. Rfc1 Qd7 15. Ne4 h6 16. a3 Be7 17. b4 Nxe3 18. fxe3 0-0 19. Nfd2 f6 20. exf6 gxf6 21. Nc5 Bxc5 22. Rxc5 Kh7 23. Nf3 Rg8 24. d5 exd5 25. Qd3+ Kh8 26. Rxd5 Qg4 27. Ra2 Rad8 28. Rf2 Rxd5 29. Qxd5 Rd8 30. Qf7 Qg7 31. Qb3 Qd7 32. Rd2 Qe7 33. Rxd8+ 1/2-1/2

[Event "EU-ch U18 Girls"]
[Site "Prague"]
[Date "2012.08.24"]
[Round "8"]
[White "Kabai, Zsuzsanna"]
[Black "Petrukhina, Irina"]
[Result "0-1"]
[WhiteElo "2097"]
[BlackElo "2212"]
[PlyCount "54"]
[EventDate "2012.08.17"]
[EventType "swiss"]
[EventRounds "9"]
[EventCountry "CZE"]
[SourceTitle "CBM 150 Extra"]
[Source "ChessBase"]
[SourceDate "2012.10.19"]
[SourceVersion "1"]
[SourceVersionDate "2012.10.19"]
[SourceQuality "1"]

1. Nf3 Nf6 2. d4 g6 3. c4 Bg7 4. Nc3 d5 5. Bg5 Ne4 6. cxd5 Nxg5 7. Nxg5 e6 8. Nf3 exd5 9. e3 0-0 10. b4 c6 11. Be2 Be6 12. 0-0 Nd7 13. Qb3 a5 14. a3 axb4 15. axb4 b5 16. Ra3 Rxa3 17. Qxa3 Qe7 18. Nd2 Nb6 19. Qb2 f5 20. f4 Bd7 21. Kf2 Re8 22. Nd1 Na4 23. Qa3 Bxd4 24. Nf3 Bc3 25. Ne5 Bxb4 26. Qa2 Bd6 27. Nf3 Nc3 0-1

[Event "EU-chT U18 Girls 12th"]
[Site "Pardubice"]
[Date "2012.07.18"]
[Round "9"]
[White "Kabai, Zsuzsanna"]
[Black "Goryachkina, Aleksandra"]
[Result "0-1"]
[WhiteElo "2084"]
[BlackElo "2354"]
[PlyCount "62"]
[EventDate "2012.07.12"]
[EventType "team-swiss"]
[EventRounds "9"]
[EventCountry "CZE"]
[SourceTitle "EXT 2020"]
[Source "ChessBase"]
[SourceDate "2019.10.17"]
[SourceVersion "1"]
[SourceVersionDate "2019.10.17"]
[SourceQuality "1"]
[WhiteTeam "Hungary U18 (W)"]
[BlackTeam "Russia U18 (W)"]
[WhiteTeamCountry "HUN"]
[BlackTeamCountry "RUS"]

1. d4 d5 2. c4 e6 3. Nf3 c6 4. e3 Bd6 5. b3 f5 6. Bd3 Nf6 7. Bb2 Qe7 8. Qc1 Bb4+ 9. Ke2 0-0 10. Ba3 Na6 11. Ne5 Bxa3 12. Qxa3 Nb4 13. Nd2 b6 14. Rac1 c5 15. cxd5 exd5 16. Bb5 a6 17. Bd3 f4 18. Ndf3 fxe3 19. fxe3 Ng4 20. Qb2 Nxd3 21. Kxd3 cxd4 22. exd4 Nxe5+ 23. dxe5 Bg4 24. Rhf1 d4 25. Rce1 Rac8 26. Nxd4 Rxf1 27. Rxf1 Qxe5 28. Qf2 Bh5 29. a4 Bg6+ 30. Nf5 Qd5+ 31. Ke3 Re8+ 0-1

[Event "EU-chT U18 Girls 12th"]
[Site "Pardubice"]
[Date "2012.07.17"]
[Round "8"]
[White "Schulz, Anja2222"]
[Black "Kabai, Zsuzsanna"]
[Result "0-1"]
[WhiteElo "1801"]
[BlackElo "2084"]
[PlyCount "92"]
[EventDate "2012.07.12"]
[EventType "team-swiss"]
[EventRounds "9"]
[EventCountry "CZE"]
[SourceTitle "EXT 2020"]
[Source "ChessBase"]
[SourceDate "2019.10.17"]
[SourceVersion "1"]
[SourceVersionDate "2019.10.17"]
[SourceQuality "1"]
[WhiteTeam "Germany U18 (W)"]
[BlackTeam "Hungary U18 (W)"]
[WhiteTeamCountry "GER"]
[BlackTeamCountry "HUN"]

1. e4 e6 2. d4 d5 3. Nc3 Bb4 4. exd5 exd5 5. Bd3 Nf6 6. Nge2 0-0 7. 0-0 c6 8. Bg5 h6 9. Bd2 Re8 10. Ng3 Qb6 11. a3 Bd6 12. Nce2 Qc7 13. Qc1 Ne4 14. Bf4 b6 15. f3 Nxg3 16. hxg3 Ba6 17. Qd2 Bxd3 18. Qxd3 Nd7 19. Rfe1 Re7 20. Qf5 Rae8 21. Kf2 g6 22. Qd3 g5 23. Bxd6 Qxd6 24. Qd2 Nf6 25. g4 Re3 26. Qxe3 Rxe3 27. Kxe3 h5 28. gxh5 Nxh5 29. Kf2 g4 30. g3 Qf6 31. f4 Qf5 32. Nc3 Qxc2+ 33. Re2 Qd3 34. Re3 Qxd4 35. Rd1 Qc5 36. b4 Qc4 37. Ne2 Nf6 38. Rc1 Ne4+ 39. Kg2 Qa2 40. Rxc6 Qd2 41. Rxe4 dxe4 42. Kf1 e3 43. Rc1 Kg7 44. Ra1 b5 45. Rc1 Kf6 46. Ra1 Kf5 0-1

[Event "EU-chT U18 Girls 12th"]
[Site "Pardubice"]
[Date "2012.07.14"]
[Round "4"]
[White "Kabai, Zsuzsanna"]
[Black "Vidic, Teja"]
[Result "1-0"]
[WhiteElo "2084"]
[BlackElo "1912"]
[PlyCount "51"]
[EventDate "2012.07.12"]
[EventType "team-swiss"]
[EventRounds "9"]
[EventCountry "CZE"]
[SourceTitle "EXT 2020"]
[Source "ChessBase"]
[SourceDate "2019.10.17"]
[SourceVersion "1"]
[SourceVersionDate "2019.10.17"]
[SourceQuality "1"]
[WhiteTeam "Hungary U18 (W)"]
[BlackTeam "Slovenia U18 (W)"]
[WhiteTeamCountry "HUN"]
[BlackTeamCountry "SLO"]

1. d4 Nf6 2. c4 e6 3. Nf3 c5 4. d5 exd5 5. cxd5 d6 6. Nc3 g6 7. Bf4 a6 8. a4 Bg7 9. h3 0-0 10. e3 Nh5 11. Bh2 f5 12. Be2 f4 13. 0-0 Nd7 14. Nd2 fxe3 15. fxe3 Qg5 16. Nc4 Ne5 17. Ne4 Qe7 18. Rxf8+ Kxf8 19. Ncxd6 Nf7 20. Bxh5 gxh5 21. Qxh5 Kg8 22. Qxf7+ Qxf7 23. Nxf7 Kxf7 24. Rf1+ Ke8 25. Nd6+ Kd8 26. b3 1-0

[Event "HUN-ch U18 Girls"]
[Site "Balatonlelle"]
[Date "2012.06.27"]
[Round "5"]
[White "Kabai, Zsuzsanna"]
[Black "Juhasz, Barbara"]
[Result "1/2-1/2"]
[WhiteElo "2093"]
[BlackElo "2081"]
[PlyCount "134"]
[EventDate "2012.06.22"]
[EventType "tourn"]
[EventRounds "7"]
[EventCountry "HUN"]
[SourceTitle "EXT 2014"]
[Source "ChessBase"]
[SourceDate "2013.11.20"]
[SourceVersion "1"]
[SourceVersionDate "2013.11.20"]
[SourceQuality "1"]

1. d4 Nf6 2. c4 g6 3. Nc3 Bg7 4. e4 d6 5. Nf3 0-0 6. Be3 e5 7. dxe5 dxe5 8. Qxd8 Rxd8 9. Nd5 Na6 10. 0-0-0 Be6 11. Nxf6+ Bxf6 12. Rxd8+ Rxd8 13. a3 c5 14. Nd2 b6 15. Nb1 Nb8 16. Nc3 Nc6 17. Nd5 Bg7 18. Be2 Nd4 19. Bd3 h5 20. Bxd4 exd4 21. f4 Bf8 22. Kc2 Kg7 23. Nc7 Bc8 24. Re1 Bb7 25. g3 h4 26. e5 Rc8 27. Nd5 Bxd5 28. cxd5 c4 29. Bf1 d3+ 30. Kd2 hxg3 31. hxg3 Bc5 32. Rc1 Bd4 33. Bxd3 b5 34. b3 Bb2 35. Rc2 c3+ 36. Ke3 a6 37. a4 Rb8 38. axb5 axb5 39. Kd4 b4 40. Kc5 Ba3 41. Rh2 Bc1 42. d6 Bd2 43. d7 Be3+ 44. Kc6 Bb6 45. Ba6 Bd8 46. Bb7 Kg8 47. g4 f6 48. e6 f5 49. Kd6 Rxb7 50. e7 Rb6+ 51. Kc5 Bxe7+ 52. Kxb6 Bd8+ 53. Kb7 fxg4 54. Rg2 Kf7 55. Kc8 Be7 56. Rxg4 Kf6 57. Rg2 Kf5 58. d8Q Bxd8 59. Kxd8 Kxf4 60. Rxg6 Ke3 61. Kc7 Kd2 62. Rg2+ Kd3 63. Rg3+ Kc2 64. Kb6 Kxb3 65. Kc5 Kb2 66. Kxb4 c2 67. Rb3+ Ka2 1/2-1/2

[Event "HUN-ch U18 Girls"]
[Site "Balatonlelle"]
[Date "2012.06.26"]
[Round "4"]
[White "Havanecz, Bianka"]
[Black "Kabai, Zsuzsanna"]
[Result "1/2-1/2"]
[WhiteElo "2040"]
[BlackElo "2093"]
[PlyCount "57"]
[EventDate "2012.06.22"]
[EventType "tourn"]
[EventRounds "7"]
[EventCountry "HUN"]
[SourceTitle "EXT 2014"]
[Source "ChessBase"]
[SourceDate "2013.11.20"]
[SourceVersion "1"]
[SourceVersionDate "2013.11.20"]
[SourceQuality "1"]

1. d4 Nf6 2. c4 e6 3. Nf3 Bb4+ 4. Bd2 Qe7 5. g3 Nc6 6. Nc3 0-0 7. Bg2 d6 8. 0-0 Bxc3 9. Bxc3 Ne4 10. Rc1 e5 11. d5 Nb8 12. b4 a5 13. a3 axb4 14. axb4 Nxc3 15. Rxc3 b6 16. Qc2 Bg4 17. c5 bxc5 18. bxc5 Na6 19. cxd6 cxd6 20. h3 Bxf3 21. Bxf3 Nc5 22. Rb1 Rfb8 23. Rc4 g6 24. Rcb4 Rxb4 25. Rxb4 Qa7 26. g4 Qa1+ 27. Rb1 Qa2 28. Rb2 Qa1+ 29. Rb1 1/2-1/2

[Event "HUN-chT2 Charousek 1112"]
[Site "Hungary"]
[Date "2011.09.25"]
[Round "1"]
[White "Koczo, Kristof"]
[Black "Kabai, Zsuzsanna"]
[Result "1-0"]
[WhiteElo "2221"]
[BlackElo "2137"]
[PlyCount "39"]
[EventDate "2011.09.25"]
[EventType "team-tourn"]
[EventRounds "11"]
[EventCountry "HUN"]
[SourceTitle "EXT 2013"]
[Source "ChessBase"]
[SourceDate "2012.11.22"]
[SourceVersion "1"]
[SourceVersionDate "2012.11.22"]
[SourceQuality "1"]
[WhiteTeam "Budapest MTK"]
[BlackTeam "Veszprem"]
[WhiteTeamCountry "HUN"]
[BlackTeamCountry "HUN"]

1. d4 d5 2. c4 e6 3. Nc3 c6 4. e4 dxe4 5. Nxe4 Be7 6. Nf3 Nf6 7. Bd3 Nbd7 8. 0-0 Nxe4 9. Bxe4 Nf6 10. Bc2 c5 11. Bg5 cxd4 12. Nxd4 Bd7 13. Re1 0-0 14. Qd3 g6 15. Rad1 Ne8 16. Bh6 Ng7 17. Nf3 Bb4 18. Qd4 e5 19. Rxe5 Bc6 20. Rd5 1-0

[Event "EU-chT U18 Girls"]
[Site "Iasi"]
[Date "2011.07.18"]
[Round "4.1"]
[White "Kabai, Zsuzsanna"]
[Black "Morea, Georgiana Steluta"]
[Result "1-0"]
[WhiteElo "2146"]
[BlackElo "1921"]
[PlyCount "62"]
[EventDate "2011.07.15"]
[EventType "team-tourn"]
[EventRounds "7"]
[EventCountry "ROU"]
[SourceTitle "CBM 143 Extra"]
[Source "ChessBase"]
[SourceDate "2011.08.29"]
[SourceVersion "1"]
[SourceVersionDate "2011.08.29"]
[SourceQuality "1"]
[WhiteTeam "Hungary U18 Girls II"]
[BlackTeam "Romania U18 Girls III"]
[WhiteTeamCountry "HUN"]
[BlackTeamCountry "ROU"]

1. d4 Nf6 2. c4 g6 3. Nc3 Bg7 4. e4 d6 5. Nf3 0-0 6. Be2 e5 7. 0-0 Nc6 8. d5 Ne7 9. a4 a6 10. b4 Nh5 11. Re1 f5 12. Ng5 Nf4 13. Bf1 h6 14. Nf3 Rf7 15. g3 Nh5 16. Nh4 Nf6 17. Bd3 f4 18. c5 Qf8 19. Ra2 g5 20. Ng2 Ng6 21. cxd6 cxd6 22. a5 fxg3 23. fxg3 Bg4 24. Qd2 Bh3 25. Ne3 Rc8 26. Na4 Nh5 27. Nb6 Rcc7 28. Qd1 Nf6 29. Rf2 Kh7 30. Rc2 Rxc2 31. Qxc2 Ng4 1-0

[Event "EU-chT U18 Girls"]
[Site "Iasi"]
[Date "2011.07.15"]
[Round "1.3"]
[White "Kabai, Zsuzsanna"]
[Black "Varga, Melinda"]
[Result "0-1"]
[WhiteElo "2146"]
[BlackElo "2152"]
[PlyCount "82"]
[EventDate "2011.07.15"]
[EventType "team-tourn"]
[EventRounds "7"]
[EventCountry "ROU"]
[SourceTitle "CBM 143 Extra"]
[Source "ChessBase"]
[SourceDate "2011.08.29"]
[SourceVersion "1"]
[SourceVersionDate "2011.08.29"]
[SourceQuality "1"]
[WhiteTeam "Hungary U18 Girls II"]
[BlackTeam "Hungary U18 Girls"]
[WhiteTeamCountry "HUN"]
[BlackTeamCountry "HUN"]

1. d4 d5 2. c4 c6 3. Nf3 Nf6 4. e3 e6 5. b3 Bb4+ 6. Nbd2 Bc3 7. Rb1 Nbd7 8. Bd3 e5 9. Qc2 exd4 10. exd4 Qe7+ 11. Kd1 Bxd2 12. Nxd2 0-0 13. Re1 Qd6 14. Nf3 c5 15. Ba3 b6 16. Kc1 Bb7 17. dxc5 Nxc5 18. Bxc5 Qxc5 19. b4 Qd6 20. c5 Qf4+ 21. Kd1 Rac8 22. Re7 Rc7 23. Rxc7 Qxc7 24. cxb6 Qxb6 25. Qc5 Qe6 26. Qxa7 Qd7 27. Ne5 Qc7 28. Qd4 Ne4 29. Bxe4 dxe4 30. Qc5 Qd8+ 31. Ke1 Qa8 32. Rb2 Qa3 33. Rd2 h6 34. Nd7 Rc8 35. Qb6 Qc1+ 36. Ke2 Qc4+ 37. Ke1 Ba6 38. b5 Bxb5 39. Nf6+ gxf6 40. Rd8+ Rxd8 41. Qxd8+ Kg7 0-1

[Event "Zalakaros op 30th"]
[Site "Zalakaros"]
[Date "2011.05.27"]
[Round "8"]
[White "Vrchotka, Josef"]
[Black "Kabai, Zsuzsanna"]
[Result "1/2-1/2"]
[WhiteElo "2017"]
[BlackElo "2128"]
[PlyCount "29"]
[EventDate "2011.05.20"]
[EventType "swiss"]
[EventRounds "9"]
[EventCountry "HUN"]
[SourceTitle "CBM 142 Extra"]
[Source "ChessBase"]
[SourceDate "2011.06.27"]
[SourceVersion "1"]
[SourceVersionDate "2011.06.27"]
[SourceQuality "1"]

1. e4 e6 2. d4 d5 3. Nd2 a6 4. Ngf3 Nf6 5. Bd3 c5 6. dxc5 Bxc5 7. 0-0 Nc6 8. c3 Qc7 9. Qe2 Ba7 10. b3 d4 11. Bb2 dxc3 12. Bxc3 Qf4 13. Nc4 b5 14. Nce5 Nxe5 15. Bxe5 1/2-1/2

[Event "Budapest Spring op 27th"]
[Site "Budapest"]
[Date "2011.03.24"]
[Round "8"]
[White "Heyl, Thomas"]
[Black "Kabai, Zsuzsanna"]
[Result "1/2-1/2"]
[WhiteElo "2050"]
[BlackElo "2148"]
[PlyCount "43"]
[EventDate "2011.03.18"]
[EventType "swiss"]
[EventRounds "9"]
[EventCountry "HUN"]
[SourceTitle "CBM 141 Extra"]
[Source "ChessBase"]
[SourceDate "2011.05.03"]
[SourceVersion "1"]
[SourceVersionDate "2011.05.03"]
[SourceQuality "1"]

1. d4 d5 2. Nf3 Nf6 3. c4 e6 4. e3 Nbd7 5. cxd5 exd5 6. Bd3 c6 7. 0-0 Bd6 8. b3 Qe7 9. Nc3 0-0 10. Qc2 Re8 11. Nd2 Nf8 12. e4 Ne6 13. Nf3 dxe4 14. Nxe4 Nxe4 15. Bxe4 g6 16. Re1 Bd7 17. d5 cxd5 18. Bxd5 Rac8 19. Qd1 Bc6 20. Bg5 Qc7 21. Bxc6 Qxc6 22. Rc1 1/2-1/2

[Event "Budapest Spring op 27th"]
[Site "Budapest"]
[Date "2011.03.22"]
[Round "6"]
[White "Juhasz, Armin"]
[Black "Kabai, Zsuzsanna"]
[Result "1-0"]
[WhiteElo "2037"]
[BlackElo "2148"]
[PlyCount "59"]
[EventDate "2011.03.18"]
[EventType "swiss"]
[EventRounds "9"]
[EventCountry "HUN"]
[SourceTitle "CBM 141 Extra"]
[Source "ChessBase"]
[SourceDate "2011.05.03"]
[SourceVersion "1"]
[SourceVersionDate "2011.05.03"]
[SourceQuality "1"]

1. d4 d5 2. c4 e6 3. Nc3 c6 4. Nf3 Nf6 5. cxd5 exd5 6. Bg5 h6 7. Bh4 Bf5 8. Qb3 g5 9. Bg3 Qb6 10. e3 Nbd7 11. Be2 Nh5 12. Be5 Bg7 13. Bxg7 Nxg7 14. Nd2 Bg6 15. h4 0-0-0 16. Qa3 f5 17. Rc1 Bf7 18. b4 a6 19. b5 Nb8 20. Nb3 Ne6 21. Na4 Qc7 22. bxa6 Nxa6 23. Bxa6 bxa6 24. Nac5 Rde8 25. Qxa6+ Kd8 26. Nxe6+ Rxe6 27. hxg5 f4 28. Qa8+ Ke7 29. Qxh8 fxe3 30. 0-0 1-0